000
00318nam a2200145Ia 4500
100
_a
Ibach/ H/ Luth/ H.
942
_c
BK
654
_a
Solid state Physics
245
_a
Solid state Physics
260
_b
Narosa Pub House
_a
New Delhi
_c
1991
082
_a
530.41
300
_a
341
546
_a
ENGLISH
999
_c
31224
_d
31224